| 000 | 00808nam a2200277 4500 | ||
|---|---|---|---|
| 001 | 2013 | ||
| 010 | _a9789722083959 | ||
| 021 |
_aPT _b539981/24 |
||
| 090 | _a2013 | ||
| 100 | _a20251126d2025 m||y0pory50030103ba | ||
| 101 | _apor | ||
| 102 | _aPT | ||
| 200 |
_aDespedidas impossíveis _fHan Kang _gtrad. Maria do Carmo Figueira, Ana Saragoça |
||
| 205 | _a1ª edição | ||
| 210 |
_aAlfragide _cDom Quixote _d2025 |
||
| 215 |
_a293 p. _d24 cm |
||
| 300 | _aBMB-Registado | ||
| 304 | _aTít. da ed. inglesa: We do not part | ||
| 606 |
_92885 _aLiteratura Sul-Coreana |
||
| 606 |
_9779 _aRomance |
||
| 675 |
_a821.531-31 _vBMB _zpor |
||
| 700 |
_aKang _f1970- _92886 _bHan |
||
| 702 |
_aFigueira _bMaria do Carmo _f1955- _4730 _9926 |
||
| 702 |
_aSaragoça _bAna _f1966- _4730 _92887 |
||
| 801 |
_aPT _bBMB _gRPC |
||
| 990 | _cLIVROS | ||